| 000 | 00389nam a22001577a 4500 | ||
|---|---|---|---|
| 005 | 20251108172404.0 | ||
| 008 | 250721s1979 xx 000 0 eng d | ||
| 082 | 1 | 4 | _a631/UPT |
| 100 | 1 | _aUpton, M. | |
| 245 | 1 | 0 | _aFarming as a business / |
| 264 | 1 |
_aLondon : _bthe english language book society, _c1979. |
|
| 300 | _a135P. | ||
| 650 | 1 | 7 | _aFarming |
| 942 |
_2ddc _cBK |
||
| 999 |
_c77992 _d77992 |
||